| 000 | 00765cab a2200241 4500 | ||
|---|---|---|---|
| 001 | WB3521-04 | ||
| 008 | 090401t1999 xxu||||| |||| 00| 0 eng d | ||
| 035 | _a(Sirsi) u93682 | ||
| 041 | _aeng | ||
| 245 | _aMOD prime contracts available | ||
| 260 | _c1999 | ||
| 350 | _a0 | ||
| 490 |
_aBuilding _v264(8089) 28 May 1999, 9(1) |
||
| 520 | _aMoD is intending to use the 'prime contracting' procurement method when it advertises four projects worth over £63m. The contracts are due to be advertised in mid-June 1999. | ||
| 650 | _aMINISTRY OF DEFENCE | ||
| 650 | _aMOD | ||
| 650 | _aPRIME CONTRACTING | ||
| 650 | _aPRIME CONTRACTS | ||
| 650 | _aPROCUREMENT METHODS | ||
| 690 | _aBUILDING AND CONSTRUCTION-PROJECTS | ||
| 942 | _n0 | ||
| 948 | _c02/06/1999 | ||
| 999 |
_c59379 _d59379 |
||